000 00373 a2200169 4500
001 70087
020 _a850806926X
040 _cAnchieta - Itaigara
100 _aOrthof, Sylvia
240 1 0 _aAs visitas de dona Zefa
_lpor
245 1 0 _aAs visitas de dona Zefa
300 _a
362 0 _a0
440 1 _aÁtica
650 4 _aLiteratura infanto-juvenil
942 _cBK
999 _c70087
_d70087